Регионална библиотека "Любен Каравелов" - Русе

Бракоразводните дела пред епархийните духовни съдилища (Запис номер 405278)

MARC детайли
000 -Лидер
Контролно поле с фиксирана дължина nam a22 a 4500
003 - Код на организацията, давaща контролен номер
Контролно поле BLK
005 - Дата и час на последна редакция
Контролно поле 20210405055628.0
008 - Елементи от данни с фиксирана дължина
fixed length control field 210323b bu |||||r|||| 00| | bu d
040 ## - Източник на каталожния запис
Идентификатор на билиотеката - собственик на записа BLK
041 ## - Код за език
Код за езика на текст/звукозапис или на отделно заглавие Български
Код за езика КДБФ Български
080 ## - УДК
Текстов определител УДК Семейно право. Наследствено право. - Семейство, женитба, брак, права и задължения на съпрузите, разторгване на брак и др. 347.6
УДК код - определител по УДК 347.6
УДК - код + определител 347.6
080 ## - УДК
Текстов определител УДК Етика на съпружеските отношения. Брак. Развод. Вж и 347.6 173.1
УДК код - определител по УДК 173.1
УДК - код + определител 173.1
100 ## - Редна дума - Автор
R(LIN) 446467
Автор Стрезов, Георги Д.
Авторска отговорност първи автор
139 ## - Редно поле
Редна дума Стрезов, Георги Д.
245 ## - Сведения за заглавието
Заглавие Бракоразводните дела пред епархийните духовни съдилища
Подзаглавни данни Кратък коментар на Закона от 22 април 1897 г. : За прибавление част шеста към екзархийския устав, приспособен в Княжеството, както и за допълнение и изменение някои членове от същия закон
260 ## - Област на издателските данни
Място на издаване, разпространение и проч. София
Година на издаване 1898
Печатница (София : Ив. Г. Говедаров и сие)
9 (RLIN) 215574
Име на издателя, разпространителя и проч. книж. Д. Голов
300 ## - Физическа характеристика
Размери/Мащаб 22,5 см
Страници 112 с.
380 ## - Жанр
Жанр Обществени науки
490 ## - СЕРИИ (Колекции)
9 (RLIN) 435080
Име на серия Колекция Редки и ценни издания
650 #0 - Допълнително описание по предмет – тема
9 (RLIN) 266243
Основно описание – тема или топоним Гражданско право
653 #7 - Ключова дума – ненормативна
9 (RLIN) 195165
Ключова дума разводи
852 ## - Местоположение
Форматна сигнатура Рб 898
Фондова буква Редки и ценни
999 ## - СИСТЕМНИ КОНТРОЛНИ НОМЕРА
Koha biblionumber 405278
Koha biblioitemnumber 405278
942 ## - АРТИКУЛИ
Вид на библиотечния материал Книги
Скрит в OPAC Не
Периодичен библиозапис Да
944 ## - СЪЗДАВАНЕ И РЕДАКЦИЯ на ЗАПИСА
Създаване/Редакция Създаване
Дата на регистрацията/редакция 2021-04-05
Служител, извършил регистрацията/редакцията Ренета Константинова
Наличности
Код за отписване Код за изгубен артикул Източник на класификационната схема Код за повреда Коз за рестрикции Код за отдаване Артикулен № Име на библиотеката - собственик Име на библиотеката, в която се намира в момента Статус (Текущо местоположение) Дата на вписване в системата Местоположение - отдел Цена в лева Инвентарен номер Систематично азбучна сигнатура Баркод Цена в евро Служебен тип на артикула
  Не е изгубен Universal Decimal Classification Не е повреден само за читалня Специални фондове ( старопечатни, редки и ценни, фонд М. Арнаудов) 853143 Регионална библиотека "Любен Каравелов" Русе Регионална библиотека "Любен Каравелов" Русе Редки и ценни 2021-09-20 Редки и ценни 0.18 12471 Рб 898 900000044675 0.09 Книги
Vip Innovations Ltd, Rousse, Bulgaria 2025